000
00296nam a22001217a 4500
008
180427b xxu||||| |||| 00| 0 eng d
041
_a
eng
080
_a
043.3
100
_a
0
101
_a
SI-BA
245
_a
Si Ndikon Crowfunding ne Krijimin e Ndermarrjeve te Reja
_c
Feka, A
942
_2
udc
_c
BK
999
_c
45614
_d
45614